000 00433nam a2200181Ia 4500
008 221030s9999 xx 000 0 und d
020 _a0070605971
041 _aEnglish
082 _a105.23
100 _aR. C. Wrede
245 0 _aSchaum`s Advanced Calculus
_cby R. C. Wrede, M. Spiegel
250 _a2nd
260 _bTMH
_aNew Delhi
_c2010
300 _a433
650 _aBE Mathematics
700 _aM. Spiegel
942 _cBK
999 _c9132
_d9132